000 00578nam a2200229Ia 4500
003 OSt
005 20220924140856.0
006 a|||||r|||| 00| 0
007 ta
008 220923b |||||||| |||| 00| 0 ben d
024 _a296436
037 _cTextual
040 _aARTS
_cARTS
_bben
041 _2ben
_aben
082 _aO157,3NGJ,1, H9
100 _aGhosh Jatindra Nath
_9211643
245 0 _aBhadrar ba
260 _c1949
650 _aBENGALI LITERATURE
942 _hO157,3NGJ,1, H9
_cTEXL
_2CC
999 _c445552
_d445552